Statistics for Percy Jackson and the Lightning Thief

Click here to take the quiz!

General Stats

  • This quiz has been taken 370 times
  • The average score is 7 of 8

Answer Stats

HintAnswer% Correct
What girl comes on the quest with Percy?Annabeth
97%
Who is Percy's dad?Poseidon
96%
Who stole it?Luke
94%
Who is Percy's stepdad?Gabe
93%
What is Grover?Satyr
92%
What school did he go to at the beginning?Yancy
72%
What was stolen from Zeus?The Master Bolt
69%
Where does Percy go to with his mom?Montauk
41%

Score Distribution

Percentile by Number Answered

Percent of People with Each Score

Your Score History

You have not taken this quiz